[Event "Turkey IS Bank Super League 2017"]
[Site "Darica-Kocaeli"]
[Date "2017.08.03"]
[Round "8"]
[White "Yilmaz, Goktan"]
[Black "Safarli, Eltaj"]
[Result "0-1"]
[WhiteElo "2202"]
[BlackElo "2641"]
[Annotator "TA"]
[PlyCount "70"]
[EventType "team-tourn"]
[EventCountry "TUR"]

{[%evp 21,70,22,16,31,21,0,-7,-22,-25,-29,-32,-44,-51,-48,-48,-47,-54,-47,-31,-43,-52,-54,-27,-68,-81,-62,-47,-40,-32,-37,-38,-37,-37,-57,-55,-124,-91,-310,-209,-847,-839,-843,-835,-828,-828,-29983,-29984,-29993,-410,-29994,-29995]} 1. e4 c5 2. Nf3 Nc6 3. d4 cxd4 4. Nxd4 Qb6 5. Nb3 Nf6 6. Nc3 e6 7. Qe2 Bb4 8. Bd2 O-O 9. a3 {B33: Sicilian: Pelikan and Sveshnikov Variations} Bxc3 10. Bxc3 e5 11. O-O-O Re8 {LiveBook: 6 Games} 12. f3 Rd8 13. g4 $146 ({Find the theoretical novelty and annotate with similar games:} 13. Qb5 Qc7 14. g4 a6 15. Qc5 d6 16. Ba5 Qb8 {0-1 (35) Adamson,R (2278)-Ipatov,A (2625) Saint Louis 2013}) 13... d6 14. Kb1 Be6 15. Qb5 Qc7 16. Na5 Nxa5 17. Bxa5 b6 18. Bd2 {[%cal Ba5d2,Bd2c1,Bc1f4][%mdl 32]} d5 19. g5 Ne8 {[%cal Bf6e8,Be8d6,Bd6c4][%mdl 32]} 20. Qe2 Rac8 21. Bc1 d4 22. Qf2 Nd6 $36 {[%mdl 2048] Black is in control.} 23. Bd3 Nc4 24. f4 exf4 25. Bxf4 Qc5 {[#] And now ...Nxa3+! would win.} 26. Bxc4 Qxc4 27. b3 Qc6 28. Qe2 ({White should play} 28. Rd3 $1 $15) 28... a5 {White must now prevent ...a4.} 29. a4 $2 {[#]} (29. Bc1 $17) 29... Bg4 $1 {[%mdl 512]} 30. Qxg4 $2 (30. Qd3) 30... Qxc2+ $19 31. Ka1 Qxb3 {( -> ...Rc2)} 32. Rd2 Rc4 33. Qe2 d3 {[%cal Bd4d3,Bd3d2][%mdl 32]} 34. Qf2 Rxa4+ 35. Ra2 d2 {Precision: White = 38%, Black = 87%.} 0-1

[Event "Turkey IS Bank Super League 2017"]
[Site "Darica-Kocaeli"]
[Date "2017.08.03"]
[Round "8"]
[White "Sevgi, Volkan"]
[Black "Temizkan, D.."]
[Result "1/2-1/2"]
[WhiteElo "2199"]
[BlackElo "2214"]
[Annotator "ChessBase"]
[PlyCount "108"]
[EventType "team-tourn"]
[EventCountry "TUR"]
[TimeControl "40/5400+30:1800+30"]

1. Nf3 {[%emt 0:00:30]} d5 {[%emt 0:01:00]} 2. g3 {[%emt 0:00:30]} Nf6 {[%emt 0:00:30]} 3. Bg2 {[%emt 0:00:00]} Bg4 {[%emt 0:00:30]} 4. c4 {[%emt 0:00:00]} c6 {[%emt 0:00:00]} 5. b3 {[%emt 0:00:30]} Nbd7 {[%emt 0:02:00]} 6. Bb2 {[%emt 0:00:30]} Bxf3 {[%emt 0:01:30]} 7. Bxf3 {[%emt 0:01:30]} e5 {[%emt 0:00:30]} 8. O-O {[%emt 0:04:30]} Bd6 {[%emt 0:00:30]} 9. d3 {[%emt 0:06:30]} O-O {[%emt 0:04:30]} 10. cxd5 {[%emt 0:02:30]} cxd5 {[%emt 0:02:30]} 11. Nc3 {[%emt 0:00:30]} Nb6 {[%emt 0:00:00]} 12. a4 {[%emt 0:02:30]} Bb4 {[%emt 0:08:00]} 13. a5 {[%emt 0:00:30]} Nc8 {[%emt 0:02:30]} 14. a6 {[%emt 0:02:30]} Rb8 {[%emt 0:03:30]} 15. Qc1 {[%emt 0:14:30]} bxa6 {[%emt 0:01:30]} 16. Rxa6 {[%emt 0:00:30]} Rb6 {[%emt 0:10:30]} 17. Rxb6 {[%emt 0:01:30]} axb6 {[%emt 0:01:30]} 18. Nb5 {[%emt 0:20:30]} Qd7 {[%emt 0:17:30]} 19. Nc7 {[%emt 0:00:30]} d4 {[%emt 0:00:30]} 20. Qc4 {[%emt 0:02:30]} Bc5 {[%emt 0:04:30]} 21. Na6 {[%emt 0:01:30]} Bd6 {[%emt 0:02:30]} 22. Qc6 {[%emt 0:15:30]} Qxc6 {[%emt 0:07:30]} 23. Bxc6 {[%emt 0:00:30]} Ne7 {[%emt 0:00:30]} 24. Bb7 {[%emt 0:00:00]} Rd8 {[%emt 0:00:00]} 25. Rc1 {[%emt 0:02:00]} Rd7 {[%emt 0:09:00]} 26. Bc6 {[%emt 0:00:36]} Ra7 {[%emt 0:00:30]} 27. Bb5 {[%emt 0:00:24]} Nfd5 {[%emt 0:05:11]} 28. f4 {[%emt 0:02:55]} h5 {[%emt 0:05:18]} 29. e4 {[%emt 0:05:01]} Ne3 {[%emt 0:01:43]} 30. fxe5 {[%emt 0:09:53]} Bxe5 {[%emt 0:00:30]} 31. Ba3 {[%emt 0:00:00]} g5 {[%emt 0:03:27]} 32. Bb4 {[%emt 0:02:47]} h4 {[%emt 0:01:47]} 33. Be1 {[%emt 0:00:25]} hxg3 {[%emt 0:01:13]} 34. hxg3 {[%emt 0:00:14]} Kg7 {[%emt 0:01:52]} 35. Bd2 {[%emt 0:02:13]} Bxg3 {[%emt 0:00:38]} 36. Bxe3 {[%emt 0:00:01]} dxe3 {[%emt 0:00:21]} 37. d4 {[%emt 0:00:00]} f5 {[%emt 0:00:27]} 38. Kg2 {[%emt 0:00:10]} Bf4 {[%emt 0:01:04]} 39. e5 {[%emt 0:00:37]} g4 {[%emt 0:01:18]} 40. Nb4 {[%emt 0:00:00]} Ng6 {[%emt 0:02:11]} 41. Be2 {[%emt 0:05:44]} Nh4+ {[%emt 0:04:30]} 42. Kf1 {[%emt 0:00:30]} Rd7 {[%emt 0:04:30]} 43. e6 {[%emt 0:06:30]} Rxd4 {[%emt 0:02:55]} 44. e7 {[%emt 0:00:00]} Re4 {[%emt 0:05:29]} 45. Rc4 {[%emt 0:02:00]} Rxe7 {[%emt 0:03:17]} 46. Rxf4 {[%emt 0:00:00]} Kg6 {[%emt 0:01:24]} 47. Nd5 {[%emt 0:06:07]} Re5 {[%emt 0:00:09]} 48. Rd4 {[%emt 0:02:49]} Kg5 {[%emt 0:02:06]} 49. Nxb6 {[%emt 0:02:02]} f4 {[%emt 0:01:16]} 50. Nc4 {[%emt 0:00:03]} Nf5 {[%emt 0:03:33]} 51. Rd8 {[%emt 0:06:47]} Re7 {[%emt 0:00:06]} 52. Rg8+ {[%emt 0:00:09]} Ng7 {[%emt 0:02:05]} 53. Ne5 {[%emt 0:02:12]} f3 {[%emt 0:00:50]} 54. Bxf3 {[%emt 0:00:15]} gxf3 {[%emt 0:00:00]} 1/2-1/2

[Event "Turkey IS Bank Super League 2017"]
[Site "Darica-Kocaeli"]
[Date "2017.08.03"]
[Round "8"]
[White "Bolat, Ahmet"]
[Black "Burcu, Cagatay"]
[Result "0-1"]
[WhiteElo "2178"]
[BlackElo "2268"]
[Annotator "ChessBase"]
[PlyCount "62"]
[EventType "team-tourn"]
[EventCountry "TUR"]
[TimeControl "40/5400+30:1800+30"]

1. e4 {[%emt 0:01:30]} e6 {[%emt 0:01:00]} 2. b3 {[%emt 0:00:30]} d5 {[%emt 0:00:30]} 3. Bb2 {[%emt 0:00:30]} Nc6 {[%emt 0:01:30]} 4. exd5 {[%emt 0:04:30]} exd5 {[%emt 0:00:30]} 5. Nf3 {[%emt 0:00:30]} Nf6 {[%emt 0:00:30]} 6. Bb5 {[%emt 0:00:30]} Bd6 {[%emt 0:04:30]} 7. O-O {[%emt 0:00:30]} O-O {[%emt 0:00:30]} 8. h3 {[%emt 0:04:30]} Ne7 {[%emt 0:08:30]} 9. Bxf6 {[%emt 0:02:30]} gxf6 {[%emt 0:00:00]} 10. Re1 {[%emt 0:05:30]} Ng6 {[%emt 0:03:00]} 11. Bf1 {[%emt 0:03:30]} Be6 {[%emt 0:07:30]} 12. c4 {[%emt 0:04:30]} c6 {[%emt 0:18:30]} 13. Nc3 {[%emt 0:00:00]} a6 {[%emt 0:03:30]} 14. Qc2 {[%emt 0:10:00]} f5 {[%emt 0:04:30]} 15. cxd5 {[%emt 0:15:30]} cxd5 {[%emt 0:00:30]} 16. Ne2 {[%emt 0:00:30]} Qf6 {[%emt 0:05:30]} 17. Qc3 {[%emt 0:01:30]} Ne5 {[%emt 0:04:30]} 18. Nf4 {[%emt 0:07:30]} Rac8 {[%emt 0:08:30]} 19. Qe3 {[%emt 0:02:30]} Nxf3+ {[%emt 0:01:30]} 20. Qxf3 {[%emt 0:00:30]} Rfd8 {[%emt 0:01:30]} 21. Bd3 {[%emt 0:02:30]} Qh6 {[%emt 0:01:30]} 22. Nxe6 {[%emt 0:09:30]} fxe6 {[%emt 0:00:30]} 23. Re2 {[%emt 0:00:30]} Rc6 {[%emt 0:03:30]} 24. g3 {[%emt 0:14:38]} Bb4 {[%emt 0:02:22]} 25. Kg2 {[%emt 0:04:05]} Qf6 {[%emt 0:05:52]} 26. Rae1 {[%emt 0:00:17]} Rf8 {[%emt 0:05:31]} 27. Rxe6 {[%emt 0:02:49]} Rxe6 {[%emt 0:01:18]} 28. Qxd5 {[%emt 0:00:02]} Rd8 {[%emt 0:00:25]} 29. Qc4 {[%emt 0:02:37]} b5 {[%emt 0:00:40]} 30. Rxe6 {[%emt 0:00:34]} bxc4 {[%emt 0:00:07]} 31. Rxf6 {[%emt 0:00:36]} cxd3 {[%emt 0:00:07]} 0-1

[Event "Turkey IS Bank Super League 2017"]
[Site "Darica-Kocaeli"]
[Date "2017.08.03"]
[Round "8"]
[White "Yelken, Mustafa"]
[Black "Can, Emre"]
[Result "0-1"]
[WhiteElo "2171"]
[BlackElo "2586"]
[Annotator "TA RC"]
[PlyCount "92"]
[EventType "team-tourn"]
[EventCountry "TUR"]

{[%evp 17,92,39,48,12,16,1,38,0,0,-3,-4,-24,-20,-17,-10,-29,-14,-29,-28,-47,-10,-90,-57,-62,-55,-58,-77,-60,-29,-39,-36,-62,-64,-54,-27,-34,-31,-37,-31,-66,-46,-58,-23,-88,-60,-76,-40,-107,-100,-172,-182,-186,-193,-266,-282,-260,-230,-248,-236,-549,-277,-278,-264,-522,-522,-511,-520,-520,-513,-513,-513,-510,-510,-502,-498,-500,-488]} 1. e4 c5 2. Nf3 e6 3. d4 cxd4 4. Nxd4 Nc6 5. Nc3 Qc7 6. g3 a6 7. Bg2 d6 8. O-O Bd7 9. Nxc6 Bxc6 {LiveBook: 97 Games} 10. Bf4 {B47: Sicilian: Taimanov: 5 Nc3 Qc7 6 f4, 6 g3 and 6 Be2} (10. a4 Be7 11. a5 Nf6 12. Be3 h5 13. h3 Kf8 14. Qd2 g6 15. Bb6 Qc8 16. f4 Kg7 17. Rf2 Nd7 18. Bd4+ e5 19. Be3 h4 20. g4 exf4 {1-0 (43) Meier,G (2621)-Braun,A (2579) Dresden 2017}) 10... Nf6 11. Qd2 Be7 12. Rad1 {[%cal Rf4d6] White is slightly better.} Rd8 13. Rfe1 O-O 14. h3 $146 ({Predecessor:} 14. Qe2) 14... b5 15. a3 Qb7 16. Qe2 Rfe8 17. g4 h6 18. h4 Nh7 19. Rd3 (19. Bg3 $11 {keeps the balance.}) 19... a5 20. Rh3 b4 21. axb4 axb4 22. Nd1 Qb5 23. c4 bxc3 24. Nxc3 Qxe2 25. Rxe2 g5 26. hxg5 hxg5 27. Be3 Rb8 28. Bf3 Rb3 29. Kg2 Ra8 30. Re1 (30. Rc2 $11 {remains equal.}) 30... Nf8 ({Reject} 30... Rxb2 $6 31. Reh1 $11) 31. Rh5 Ra5 32. Bc1 ({White must play} 32. Ne2 $1 $15) 32... Ng6 $17 33. Reh1 (33. Kf1 $17 {might work better.}) 33... Bf6 $19 34. Bd1 Rb4 35. f3 (35. Bf3 $142) 35... Ra1 36. Be2 {[#]} Rxc1 $1 {[%mdl 512]} 37. Rxc1 Nf4+ ({Don't do} 37... Rxb2 38. Kf1) 38. Kg3 $2 (38. Kf1) 38... Nxh5+ 39. gxh5 Rxb2 {White must now prevent ...Be5+.} 40. Nd1 $2 {[#]} (40. Kg4) 40... Rxe2 {Black is clearly winning.} 41. Rxc6 {[%mdl 4096] Endgame KRB-KRN} Be5+ 42. f4 Bxf4+ 43. Kf3 Rh2 44. Nf2 Rxh5 45. Kg2 Rh2+ 46. Kg1 Rh4 {Precision: White = 24%, Black = 60%.} 0-1

[Event "Turkey IS Bank Super League 2017"]
[Site "Darica-Kocaeli"]
[Date "2017.08.03"]
[Round "8"]
[White "Dolgun, Can"]
[Black "Ozen, Bahadir"]
[Result "1/2-1/2"]
[WhiteElo "2104"]
[BlackElo "2315"]
[Annotator "ChessBase"]
[PlyCount "78"]
[EventType "team-tourn"]
[EventCountry "TUR"]
[TimeControl "40/5400+30:1800+30"]

1. e4 {[%emt 0:00:30]} g6 {[%emt 0:02:00]} 2. d4 {[%emt 0:00:30]} Bg7 {[%emt 0:00:30]} 3. Nf3 {[%emt 0:00:00]} d6 {[%emt 0:00:00]} 4. Bd3 {[%emt 0:00:00]} Nd7 {[%emt 0:00:00]} 5. O-O {[%emt 0:01:30]} e5 {[%emt 0:00:30]} 6. c3 {[%emt 0:02:30]} Ngf6 {[%emt 0:00:30]} 7. h3 {[%emt 0:03:30]} O-O {[%emt 0:00:30]} 8. Nbd2 {[%emt 0:01:30]} b6 {[%emt 0:01:30]} 9. Nc4 {[%emt 0:11:30]} Bb7 {[%emt 0:06:30]} 10. Re1 {[%emt 0:13:30]} exd4 {[%emt 0:03:30]} 11. cxd4 {[%emt 0:02:30]} Nxe4 {[%emt 0:04:30]} 12. Rxe4 {[%emt 0:06:30]} d5 {[%emt 0:00:30]} 13. Re1 {[%emt 0:02:30]} dxc4 {[%emt 0:00:00]} 14. Bxc4 {[%emt 0:00:00]} Nf6 {[%emt 0:23:00]} 15. Bg5 {[%emt 0:21:00]} Qd6 {[%emt 0:03:30]} 16. Bxf6 {[%emt 0:07:30]} Bxf3 {[%emt 0:09:30]} 17. Be7 {[%emt 0:01:30]} Bxd1 {[%emt 0:00:00]} 18. Bxd6 {[%emt 0:00:30]} cxd6 {[%emt 0:00:00]} 19. Raxd1 {[%emt 0:00:30]} Rfe8 {[%emt 0:05:30]} 20. Rxe8+ {[%emt 0:05:19]} Rxe8 {[%emt 0:00:30]} 21. b3 {[%emt 0:02:11]} d5 {[%emt 0:00:30]} 22. Bxd5 {[%emt 0:00:30]} Rd8 {[%emt 0:00:30]} 23. Bc4 {[%emt 0:00:30]} Rxd4 {[%emt 0:00:30]} 24. Rxd4 {[%emt 0:00:30]} Bxd4 {[%emt 0:00:30]} 25. Kf1 {[%emt 0:00:30]} Kg7 {[%emt 0:00:30]} 26. Ke2 {[%emt 0:00:30]} f5 {[%emt 0:00:30]} 27. f4 {[%emt 0:00:30]} h5 {[%emt 0:00:30]} 28. h4 {[%emt 0:00:15]} Kf6 {[%emt 0:01:30]} 29. Kf3 {[%emt 0:00:25]} a5 {[%emt 0:00:30]} 30. g3 {[%emt 0:00:25]} Ke7 {[%emt 0:00:30]} 31. a4 {[%emt 0:01:25]} Kf6 {[%emt 0:00:30]} 32. Bd5 {[%emt 0:00:21]} Ke7 {[%emt 0:00:30]} 33. Bc4 {[%emt 0:00:30]} Bh8 {[%emt 0:00:00]} 34. Bd5 {[%emt 0:00:12]} Ba1 {[%emt 0:00:00]} 35. Bc4 {[%emt 0:00:39]} Bd4 {[%emt 0:00:30]} 36. Bd5 {[%emt 0:00:00]} Kf8 {[%emt 0:01:30]} 37. Bc4 {[%emt 0:00:20]} Kg7 {[%emt 0:00:30]} 38. Bd5 {[%emt 0:00:30]} Kh8 {[%emt 0:00:00]} 39. Bf7 {[%emt 0:00:00]} Kg7 {[%emt 0:00:00]} 1/2-1/2

[Event "Turkey IS Bank Super League 2017"]
[Site "Darica-Kocaeli"]
[Date "2017.08.03"]
[Round "8"]
[White "Karagollu, Ahmet"]
[Black "Yaran, Siar"]
[Result "1/2-1/2"]
[WhiteElo "2083"]
[BlackElo "2253"]
[Annotator "ChessBase"]
[PlyCount "115"]
[EventType "team-tourn"]
[EventCountry "TUR"]
[TimeControl "40/5400+30:1800+30"]

1. e4 {[%emt 0:00:30]} d5 {[%emt 0:02:00]} 2. exd5 {[%emt 0:00:30]} Qxd5 {[%emt 0:00:30]} 3. Nc3 {[%emt 0:01:30]} Qd8 {[%emt 0:00:00]} 4. d4 {[%emt 0:01:30]} Nf6 {[%emt 0:03:00]} 5. Be2 {[%emt 0:03:30]} c6 {[%emt 0:01:30]} 6. Nf3 {[%emt 0:01:30]} Bg4 {[%emt 0:00:30]} 7. h3 {[%emt 0:02:30]} Bxf3 {[%emt 0:00:30]} 8. Bxf3 {[%emt 0:00:30]} e6 {[%emt 0:00:30]} 9. O-O {[%emt 0:02:30]} Be7 {[%emt 0:00:30]} 10. Rb1 {[%emt 0:05:30]} Qc7 {[%emt 0:02:30]} 11. Ne2 {[%emt 0:09:30]} Nbd7 {[%emt 0:05:30]} 12. Re1 {[%emt 0:06:30]} O-O {[%emt 0:01:30]} 13. c4 {[%emt 0:08:30]} Rad8 {[%emt 0:08:30]} 14. Bf4 {[%emt 0:10:30]} Bd6 {[%emt 0:04:30]} 15. Bxd6 {[%emt 0:01:30]} Qxd6 {[%emt 0:00:30]} 16. Qb3 {[%emt 0:00:30]} Qc7 {[%emt 0:01:30]} 17. Nc3 {[%emt 0:06:30]} e5 {[%emt 0:14:30]} 18. d5 {[%emt 0:02:30]} Rfe8 {[%emt 0:04:30]} 19. dxc6 {[%emt 0:02:30]} bxc6 {[%emt 0:00:30]} 20. Qa4 {[%emt 0:03:30]} Re6 {[%emt 0:00:00]} 21. Rbd1 {[%emt 0:05:30]} Rde8 {[%emt 0:00:00]} 22. Ne4 {[%emt 0:02:30]} Nxe4 {[%emt 0:00:30]} 23. Bxe4 {[%emt 0:00:30]} g6 {[%emt 0:00:30]} 24. b4 {[%emt 0:01:31]} Kg7 {[%emt 0:11:30]} 25. b5 {[%emt 0:01:08]} Nc5 {[%emt 0:02:30]} 26. Qc2 {[%emt 0:01:09]} Nxe4 {[%emt 0:00:30]} 27. Qxe4 {[%emt 0:00:00]} f5 {[%emt 0:04:30]} 28. Qe3 {[%emt 0:01:03]} R8e7 {[%emt 0:02:30]} 29. Qd3 {[%emt 0:02:37]} e4 {[%emt 0:02:30]} 30. Qd4+ {[%emt 0:01:24]} Qe5 {[%emt 0:04:30]} 31. a4 {[%emt 0:05:53]} Qxd4 {[%emt 0:07:26]} 32. Rxd4 {[%emt 0:00:02]} Re5 {[%emt 0:01:52]} 33. Rd6 {[%emt 0:01:43]} Rc5 {[%emt 0:03:08]} 34. Rxc6 {[%emt 0:00:49]} Rxc6 {[%emt 0:00:30]} 35. bxc6 {[%emt 0:00:00]} Rc7 {[%emt 0:00:00]} 36. Rb1 {[%emt 0:00:00]} Rxc6 {[%emt 0:02:01]} 37. Rb7+ {[%emt 0:00:30]} Kf6 {[%emt 0:00:00]} 38. Rxa7 {[%emt 0:00:00]} Rxc4 {[%emt 0:00:04]} 39. Rxh7 {[%emt 0:04:49]} Rxa4 {[%emt 0:00:30]} 40. g3 {[%emt 0:00:00]} g5 {[%emt 0:04:29]} 41. Rh6+ {[%emt 0:06:22]} Kg7 {[%emt 0:01:30]} 42. Rb6 {[%emt 0:00:30]} f4 {[%emt 0:04:30]} 43. gxf4 {[%emt 0:01:30]} gxf4 {[%emt 0:00:30]} 44. Kg2 {[%emt 0:01:30]} Ra2 {[%emt 0:01:30]} 45. Kf1 {[%emt 0:01:30]} f3 {[%emt 0:01:30]} 46. Ke1 {[%emt 0:03:30]} Re2+ {[%emt 0:01:30]} 47. Kf1 {[%emt 0:00:00]} Kf7 {[%emt 0:00:00]} 48. Ra6 {[%emt 0:00:00]} Rb2 {[%emt 0:01:00]} 49. Ke1 {[%emt 0:00:30]} Ke7 {[%emt 0:00:30]} 50. Rc6 {[%emt 0:00:30]} Re2+ {[%emt 0:00:30]} 51. Kf1 {[%emt 0:00:30]} Kd7 {[%emt 0:00:30]} 52. Ra6 {[%emt 0:00:30]} Rc2 {[%emt 0:00:30]} 53. Ke1 {[%emt 0:00:30]} Rb2 {[%emt 0:00:00]} 54. h4 {[%emt 0:00:30]} Ke7 {[%emt 0:02:00]} 55. h5 {[%emt 0:00:00]} Re2+ {[%emt 0:02:30]} 56. Kf1 {[%emt 0:00:00]} Kf7 {[%emt 0:01:30]} 57. h6 {[%emt 0:00:30]} Rb2 {[%emt 0:02:30]} 58. Ke1 {[%emt 0:00:00]} 1/2-1/2

[Event "Turkey IS Bank Super League 2017"]
[Site "Darica-Kocaeli"]
[Date "2017.08.03"]
[Round "8"]
[White "Celik, Eda"]
[Black "Ayazmali, Gizem"]
[Result "0-1"]
[WhiteElo "1939"]
[BlackElo "1849"]
[Annotator "NA"]
[PlyCount "117"]
[EventType "team-tourn"]
[EventCountry "TUR"]
[TimeControl "40/5400+30:1800+30"]

1. d4 {[%emt 0:00:30]} Nf6 {[%emt 0:01:00]} 2. c4 {[%emt 0:00:30]} g6 {[%emt 0:00:30]} 3. Nc3 {[%emt 0:00:30]} Bg7 {[%emt 0:00:30]} 4. e4 {[%emt 0:00:30]} d6 {[%emt 0:00:30]} 5. Nf3 {[%emt 0:00:00]} O-O {[%emt 0:00:00]} 6. Be2 {[%emt 0:00:00]} Nbd7 {[%emt 0:00:00]} 7. Be3 {[%emt 0:02:30]} c6 {[%emt 0:12:30]} 8. h3 {[%emt 0:07:30]} e5 {[%emt 0:04:30]} 9. d5 {[%emt 0:07:30]} c5 {[%emt 0:12:30]} 10. Nd2 {[%emt 0:05:30]} Ne8 {[%emt 0:04:30]} 11. g4 {[%emt 0:02:30]} Bf6 {[%emt 0:06:30]} 12. h4 {[%emt 0:07:30]} Ng7 {[%emt 0:14:30]} 13. g5 {[%emt 0:14:30]} Be7 {[%emt 0:00:00]} 14. Nf1 {[%emt 0:01:30]} f5 {[%emt 0:07:00]} 15. gxf6 {[%emt 0:02:30]} Nxf6 {[%emt 0:01:30]} 16. Ng3 {[%emt 0:00:30]} h5 {[%emt 0:00:30]} 17. Bg5 {[%emt 0:12:30]} Ng4 {[%emt 0:01:30]} 18. Bxg4 {[%emt 0:12:30]} Bxg4 {[%emt 0:00:30]} 19. Qd2 {[%emt 0:02:21]} Bxg5 {[%emt 0:00:30]} 20. hxg5 {[%emt 0:00:23]} Rf4 {[%emt 0:01:30]} 21. Rg1 {[%emt 0:09:21]} Qf8 {[%emt 0:02:30]} 22. Nf1 {[%emt 0:01:36]} Qe7 {[%emt 0:06:30]} 23. Nh2 {[%emt 0:02:48]} Bf3 {[%emt 0:04:34]} 24. Nxf3 {[%emt 0:00:48]} Rxf3 {[%emt 0:00:02]} 25. a3 {[%emt 0:04:16]} Raf8 {[%emt 0:00:30]} 26. Rg2 {[%emt 0:01:25]} Qd7 {[%emt 0:01:06]} 27. O-O-O {[%emt 0:01:10]} a6 {[%emt 0:00:11]} 28. Rh1 {[%emt 0:00:32]} b5 {[%emt 0:00:11]} 29. cxb5 {[%emt 0:00:25]} axb5 {[%emt 0:00:02]} 30. Nd1 {[%emt 0:00:17]} Qa7 {[%emt 0:02:09]} 31. Rg3 {[%emt 0:00:36]} R3f4 {[%emt 0:02:23]} 32. Re1 {[%emt 0:00:27]} Qa4 {[%emt 0:00:40]} 33. Qc2 {[%emt 0:00:26]} Qa5 {[%emt 0:00:27]} 34. Qd2 {[%emt 0:00:32]} Qb6 {[%emt 0:01:57]} 35. Kb1 {[%emt 0:00:33]} Ra8 {[%emt 0:04:56]} 36. Qc2 {[%emt 0:00:30]} c4 {[%emt 0:01:03]} 37. Qd2 {[%emt 0:00:30]} h4 {[%emt 0:01:06]} 38. Rh3 {[%emt 0:00:30]} Qc5 {[%emt 0:03:57]} 39. Qe3 {[%emt 0:00:31]} Qd4 {[%emt 0:03:29]} 40. Qxd4 {[%emt 0:00:48]} exd4 {[%emt 0:00:17]} 41. f3 {[%emt 0:07:45]} Raf8 {[%emt 0:00:30]} 42. Reh1 {[%emt 0:05:15]} Rxf3 {[%emt 0:00:30]} 43. Rxh4 {[%emt 0:00:15]} Nh5 {[%emt 0:00:30]} 44. Kc2 {[%emt 0:03:35]} Rg3 {[%emt 0:02:30]} 45. R1h2 {[%emt 0:04:07]} Rf1 {[%emt 0:08:30]} 46. Rd2 {[%emt 0:03:05]} d3+ {[%emt 0:09:27]} 47. Kc3 {[%emt 0:00:24]} Rgg1 {[%emt 0:02:20]} 48. Ne3 {[%emt 0:01:21]} Rc1+ {[%emt 0:00:15]} 49. Kb4 {[%emt 0:00:51]} Rge1 {[%emt 0:00:28]} 50. Ng4 {[%emt 0:00:51]} Re2 {[%emt 0:01:07]} 51. Rh2 {[%emt 0:01:24]} Rxd2 {[%emt 0:00:55]} 52. Rxd2 {[%emt 0:00:05]} Rc2 {[%emt 0:00:00]} 53. Rf2 {[%emt 0:03:24]} Kg7 {[%emt 0:09:06]} 54. Kxb5 {[%emt 0:00:32]} Ng3 {[%emt 0:01:05]} 55. a4 {[%emt 0:03:32]} Nxe4 {[%emt 0:00:29]} 56. Rf1 {[%emt 0:01:00]} Rxb2+ {[%emt 0:00:30]} 57. Kxc4 {[%emt 0:00:43]} Nc5 {[%emt 0:01:05]} 58. Rd1 {[%emt 0:00:33]} Rc2+ {[%emt 0:00:45]} 59. Kd4 {[%emt 0:01:03]} 0-1

[Event "Turkey IS Bank Super League 2017"]
[Site "Darica-Kocaeli"]
[Date "2017.08.03"]
[Round "8"]
[White "Yassibag, Ipek Asli"]
[Black "Ayan, Bengu Sena"]
[Result "1/2-1/2"]
[WhiteElo "1880"]
[BlackElo "1862"]
[Annotator "NA"]
[PlyCount "97"]
[EventType "team-tourn"]
[EventCountry "TUR"]
[TimeControl "40/5400+30:1800+30"]

1. e4 {[%emt 0:00:30]} e6 {[%emt 0:02:00]} 2. d4 {[%emt 0:00:30]} d5 {[%emt 0:00:00]} 3. Nd2 {[%emt 0:00:30]} Nc6 {[%emt 0:03:00]} 4. Ngf3 {[%emt 0:01:30]} Nf6 {[%emt 0:00:30]} 5. e5 {[%emt 0:00:30]} Nd7 {[%emt 0:00:30]} 6. Nb3 {[%emt 0:01:30]} a5 {[%emt 0:00:00]} 7. a4 {[%emt 0:01:30]} b6 {[%emt 0:00:00]} 8. Bb5 {[%emt 0:04:30]} Na7 {[%emt 0:00:30]} 9. Be2 {[%emt 0:08:30]} c5 {[%emt 0:16:30]} 10. c3 {[%emt 0:03:30]} Be7 {[%emt 0:04:30]} 11. Be3 {[%emt 0:03:30]} Bb7 {[%emt 0:04:30]} 12. O-O {[%emt 0:00:30]} Rc8 {[%emt 0:07:30]} 13. Nc1 {[%emt 0:07:30]} O-O {[%emt 0:06:30]} 14. Nd3 {[%emt 0:06:30]} Ba6 {[%emt 0:02:30]} 15. Nf4 {[%emt 0:03:30]} Bxe2 {[%emt 0:02:30]} 16. Qxe2 {[%emt 0:00:30]} Nc6 {[%emt 0:06:30]} 17. Nd3 {[%emt 0:05:30]} Qc7 {[%emt 0:06:30]} 18. Rac1 {[%emt 0:02:30]} Qb7 {[%emt 0:01:30]} 19. Rfd1 {[%emt 0:05:30]} b5 {[%emt 0:11:30]} 20. Nxc5 {[%emt 0:12:30]} Nxc5 {[%emt 0:00:30]} 21. dxc5 {[%emt 0:02:30]} bxa4 {[%emt 0:00:30]} 22. Ra1 {[%emt 0:01:30]} Nb8 {[%emt 0:05:29]} 23. Rxa4 {[%emt 0:01:30]} Bxc5 {[%emt 0:00:27]} 24. Rxa5 {[%emt 0:02:30]} Bxe3 {[%emt 0:01:00]} 25. fxe3 {[%emt 0:00:30]} Nc6 {[%emt 0:03:11]} 26. Ra4 {[%emt 0:04:47]} Rb8 {[%emt 0:01:47]} 27. Rd2 {[%emt 0:03:06]} Rfd8 {[%emt 0:03:21]} 28. Qf2 {[%emt 0:10:19]} Ra8 {[%emt 0:01:36]} 29. Rxa8 {[%emt 0:02:26]} Rxa8 {[%emt 0:00:04]} 30. h3 {[%emt 0:00:58]} Na5 {[%emt 0:00:32]} 31. b4 {[%emt 0:03:15]} Nc4 {[%emt 0:00:10]} 32. Ra2 {[%emt 0:00:34]} Rxa2 {[%emt 0:01:47]} 33. Qxa2 {[%emt 0:00:03]} Nxe3 {[%emt 0:00:00]} 34. Qa5 {[%emt 0:01:08]} h6 {[%emt 0:00:20]} 35. Qc5 {[%emt 0:00:22]} Nc4 {[%emt 0:00:35]} 36. Qd4 {[%emt 0:00:49]} Qa6 {[%emt 0:01:29]} 37. Nd2 {[%emt 0:00:32]} Na3 {[%emt 0:00:12]} 38. Nb3 {[%emt 0:00:32]} Qe2 {[%emt 0:04:55]} 39. Nc5 {[%emt 0:00:30]} Nb5 {[%emt 0:01:32]} 40. Qd3 {[%emt 0:00:00]} Qe1+ {[%emt 0:01:03]} 41. Qf1 {[%emt 0:02:39]} Qe3+ {[%emt 0:04:30]} 42. Kh1 {[%emt 0:03:30]} Nxc3 {[%emt 0:02:30]} 43. Nd7 {[%emt 0:01:30]} Ne4 {[%emt 0:19:00]} 44. Qa1 {[%emt 0:04:30]} h5 {[%emt 0:01:44]} 45. Qa8+ {[%emt 0:03:30]} Kh7 {[%emt 0:00:08]} 46. Nf8+ {[%emt 0:00:26]} Kh6 {[%emt 0:00:26]} 47. Nd7 {[%emt 0:00:54]} Qe1+ {[%emt 0:00:58]} 48. Kh2 {[%emt 0:00:06]} Qg3+ {[%emt 0:00:00]} 49. Kg1 {[%emt 0:00:13]} 1/2-1/2